Bezpečnostné prvky montážneho pracoviska

Salvato in:
Dettagli Bibliografici
Autore principale: Obrcian, Jaroslav (Autore)
Altri autori: Schrek, Alexander (Relatore della tesi)
Natura: Manoscritto Libro
Lingua:slovacco
Pubblicazione: 2025
Soggetti:
Accesso online:http://is.stuba.sk/zp/portal_zp.pl?podrobnosti=185023
Tags: Aggiungi Tag
Nessun Tag, puoi essere il primo ad aggiungerne!!

MARC

LEADER 00000ntm a22000003a 4500
001 stuzp105611
003 SK-STU
005 20250621210559.6
007 ta
008 150427s2015----xo-----f-mn---000-0-slo-d
040 |a STU  |b slo 
041 0 |a slo 
100 1 |a Obrcian, Jaroslav  |u 020050  |4 aut  |U SjF Strojnícka fakulta  |T SjF Ústav technológií a materiálov  |X 112041  |U J0050  |Y 803  |7 112041 
242 0 1 |a Safety features of the assembly workplace  |y eng 
245 1 0 |a Bezpečnostné prvky montážneho pracoviska 
260 |c 2025 
650 4 |a BOZP  |2 slo 
650 4 |a bezpečnostné prvky  |2 slo 
650 4 |a ochranné kryty  |2 slo 
650 4 |a protective covers  |2 eng 
650 4 |a OSH  |2 eng 
650 4 |a safety features  |2 eng 
700 1 |a Schrek, Alexander  |u 020050  |k Z1  |4 ths  |U SjF Strojnícka fakulta  |T SjF Ústav technológií a materiálov  |X 2319  |U J0050  |Y 803  |7 A000002319 
856 4 |u http://is.stuba.sk/zp/portal_zp.pl?podrobnosti=185023